Statistics for Largest Cities on the Island of Ireland

Click here to take the quiz!

General Stats

  • This quiz has been taken 32 times
  • The average score is 9 of 20

Answer Stats

RankLocationPopulationAnswer% Correct
2Northern Ireland280,138Belfast
100%
3Ireland208,669Cork
100%
1Ireland1,173,179Dublin
100%
5Northern Ireland83,163Londonderry
91%
4Ireland94,192Limerick
86%
6Ireland79,934Galway
82%
11Ireland53,504Waterford
73%
13Ireland40,956Drogheda
45%
15Ireland39,004Dundalk
36%
12Northern Ireland45,370Lisburn
36%
18Northern Ireland29,551Ballymena
32%
9Northern Ireland61,011Bangor
27%
14Ireland39,248Swords
27%
19Northern Ireland28,050Newtownards
23%
16Ireland32,600Bray
18%
8Northern Ireland64,323Craigavon
18%
10Northern Ireland55,857Castlereagh
14%
7Northern Ireland65,646Newtownabbey
14%
20Northern Ireland27,998Carrickfergus
9%
17Ireland30,173Navan
9%

Score Distribution

Percentile by Number Answered

Percent of People with Each Score

Your Score History

You have not taken this quiz